Pays sans la lettre A - Mort subite - Statistiques

Statistiques générales
  • Ce quiz a été pris 586 fois
  • Le résultat moyen est 9 sur 10
Answers on the Grid
Answers color-coded by a green-red scale on the quiz's grid according to % correct below.
Belgique
Corée du Nord
Belize
Corée du Sud
Bénin
Rwanda
Chili
Chypre
Comores
Congo
Côte d’Ivoire
Papouasie-Nouvelle-Guinée
République dominicaine
Sierra Leone
Slovaquie
Zimbabwe
Tanzanie
Trinité-et-Tobago
Zambie
Vatican
 
Statistiques - réponses
Réponse % Correct
Bénin
93%
Chili
92%
Congo
92%
Belgique
91%
Belize
91%
Comores
91%
Corée du Nord
91%
Chypre
90%
Côte d’Ivoire
90%
Corée du Sud
89%
Aucun quiz correspondant
Distribution des résultats
% des personnes avec chaque résultat
Percentile par nombre de réponses
Votre historique - résultats
Vous n’avez pas pris ce quiz